Вып. 40; Теория механизмов и машин

Detaylı Bibliyografya
Parent link:Теория механизмов и машин: республиканский междуведомственный научно-технический сборник/ Харьковский политехнический институт (ХПИ). Вып. 40.— , 1966-1990
Diğer Yazarlar: Кожевников С. Н. (редактор)
Dil:Rusça
Baskı/Yayın Bilgisi: 1986
Konular:
Materyal Türü: Kitap
KOHA link:https://koha.lib.tpu.ru/cgi-bin/koha/opac-detail.pl?biblionumber=265177

MARC

LEADER 00000nam2a2200000 4500
001 265177
005 20231101233909.0
035 |a (RuTPU)RU\TPU\book\288178 
035 |a RU\TPU\book\281304 
090 |a 265177 
100 |a 20140625d1986 k y0rusy50 ca 
101 0 |a rus 
102 |a UA 
105 |a a z 001zy 
200 0 |a Вып. 40  |f отв. ред. С. Н. Кожевников 
210 |d 1986 
215 |a 137 с.  |c ил. 
320 |a Библиография в конце статей 
320 |a Библиография в конце статей 
461 1 |0 (RuTPU)RU\TPU\book\218083  |t Теория механизмов и машин  |o республиканский междуведомственный научно-технический сборник  |f Харьковский политехнический институт (ХПИ)  |v Вып. 40  |d 1966-1990 
606 1 |a Механизмы и машины  |x Теория  |2 stltpush  |3 (RuTPU)RU\TPU\subj\64695  |9 81456 
610 1 |a динамика 
610 1 |a двигатели 
610 1 |a кулачковые механизмы 
610 1 |a кинематика 
610 1 |a карданные передачи 
610 1 |a уравновешивающие устройства 
610 1 |a промышленные роботы 
610 1 |a схваты 
610 1 |a манипуляторы 
675 |a 621.01  |v 3 
702 1 |a Кожевников  |b С. Н.  |4 340 
801 1 |a RU  |b 63413507  |c 20140110 
801 2 |a RU  |b 63413507  |c 20151207  |g RCR 
942 |c BK